Loading...

Matriliny transformed Family,law and ideology in twentieth century Travancore /

Bibliographic Details
Main Author: Saradamoni, K.
Language:Undetermined
Published: New Delhi : Sage and Attamira , 1999.
Subjects:
LEADER 00792nam a2200181Ia 4500
001 136391
008 170722s9999 xx 000 0 und d
020 |a 0761993428 
100 |a Saradamoni, K. 
245 |a Matriliny transformed  |b Family,law and ideology in twentieth century Travancore / 
260 |a New Delhi :  |b Sage and Attamira ,  |c 1999. 
300 |a 176 p. 
653 |a Family 
653 |a Travancore 
942 |c GEN 
999 |c 119727  |d 119727 
952 |0 0  |1 0  |4 0  |6 Y_2_212100000000000_P_N9KRN91WS  |7 0  |8 KR  |9 169387  |a LIB  |b LIB  |d 2017-08-12  |o Y2.2121.P N9(KR)-N9;1(WS)  |p 235123  |r 2017-08-12  |v 325.00  |w 2017-08-12  |y GEN 
952 |0 0  |1 0  |4 0  |6 Y_2_212100000000000_P_N9KRN91WS  |7 0  |8 WS  |9 169388  |a LIB  |b LIB  |d 2017-08-12  |l 3  |o Y2.2121.P N9(KR)-N9;1(WS)  |p 235140  |q 2020-12-24  |r 2020-11-24  |s 2020-11-24  |v 325.00  |w 2017-08-12  |y GEN